书目信息 |
| 题名: |
生物信息学
|
|
| 作者: | 陈铭 主编 | |
| 分册: | ||
| 出版信息: | 北京 科学出版社 2015.02 |
|
| 页数: | 320页 | |
| 开本: | 26cm | |
| 丛书名: | 普通高等教育“十二五”规划教材 | |
| 单 册: | ||
| 中图分类: | Q811.4 | |
| 科图分类: | ||
| 主题词: | 生物信息论--高等学校--教材 | |
| 电子资源: | ||
| ISBN: | 978-7-03-043287-2 | |
| 000 | 01231nam0 2200277 450 | |
| 001 | 2236 | |
| 001 | 01CN10998320@CSLN | |
| 005 | 20161205103758.17 | |
| 010 | @a978-7-03-043287-2@dCNY55.00 | |
| 100 | @a20150319d2015 em y0chiy50 ea | |
| 101 | 0 | @achi |
| 102 | @aCN@b110000 | |
| 105 | @aa z 000yy | |
| 200 | 1 | @a生物信息学@9sheng wu xin xi xue@f陈铭主编 |
| 205 | @a2版 | |
| 210 | @a北京@c科学出版社@d2015.02 | |
| 215 | @a320页@c图@d26cm | |
| 225 | 2 | @a普通高等教育“十二五”规划教材@9pu tong gao deng jiao yu shi er wu gui hua jiao cai |
| 330 | @a本书首先概述了生物信息学的基本概念、发展历史与存在的问题。第一部分介绍了生物信息学的基础知识,包括生物信息学数据库、比对工具和结构预测。第二部分介绍了基因组学、蛋白质组学和转录组学分析策略,第三部分系统生物学和分子进化分析,最后阐述了生物信息学的研究开发平台,如生物统计和生物信息学编程工具。每个章节之后,都附有权威参考文献和思考题 | |
| 333 | @a生物信息学专业、生物学各专业的本科生、研究生教材,也可供其他专业师生和研究人员 | |
| 461 | 0 | @12001 @a普通高等教育“十二五”规划教材 |
| 606 | 0 | @a生物信息论@x高等学校@j教材 |
| 690 | @aQ811.4@v4 | |
| 701 | 0 | @a陈铭@9chen ming@4主编 |
| 801 | 0 | @aCN@b大连网信软件有限公司图书馆·11@c20161205 |
| 905 | @aZUCC@dQ811.4@e185=2 | |
| 生物信息学/陈铭主编.-2版.-北京:科学出版社,2015.02 |
| 320页:图;26cm.-(普通高等教育“十二五”规划教材) |
| 使用对象:生物信息学专业、生物学各专业的本科生、研究生教材,也可供其他专业师生和研究人员 |
| ISBN 978-7-03-043287-2:CNY55.00 |
| 本书首先概述了生物信息学的基本概念、发展历史与存在的问题。第一部分介绍了生物信息学的基础知识,包括生物信息学数据库、比对工具和结构预测。第二部分介绍了基因组学、蛋白质组学和转录组学分析策略,第三部分系统生物学和分子进化分析,最后阐述了生物信息学的研究开发平台,如生物统计和生物信息学编程工具。每个章节之后,都附有权威参考文献和思考题 |
| ● |
| 相关链接 |
|
|
|
|
正题名:生物信息学
索取号:Q811.4/185=2
 
预约/预借
| 序号 | 登录号 | 条形码 | 馆藏地/架位号 | 状态 | 备注 |
| 1 | 910481 | 209104814 | 第二样本阅览室/ [索取号:Q811.4/185=2] | 在馆 | |
| 2 | 910482 | 209104823 | 第三借阅区/ [索取号:Q811.4/185=2] | 在馆 | |
| 3 | 910483 | 209104832 | 第三借阅区/ [索取号:Q811.4/185=2] | 在馆 | |
| 4 | 910484 | 209104841 | 第三借阅区/ [索取号:Q811.4/185=2] | 在馆 | |
| 5 | 910485 | 209104850 | 第三借阅区/ [索取号:Q811.4/185=2] | 在馆 |